00400 a2200145 4500245002800000020001500028100001700043650001200060005001700072260004600089084002000135300005000155500003400205999001500239 aAfrican Problemshprint a9781567414 aI.I POTEKHIN aHistory20191017172625.0 anrbFourth Dimension Publishing Co.c2008 aB5310 .A37 2008 axiii, 150 p. b 21 cm.cxiii, 150 p. ; 21 cm. aedited by Benjamin Ike Ewelu. c9143d9143